|
|
|
แสดงรายละเอียดบรรณานุกรม |
|
|
Brief Record
: Get Marc (ISO 2709)
: E-mail record
: |
|
|
| LEADER 00000nam 2200000uu 4500 | |||
| 001 13399128629 | |||
| 003 BCNR | |||
| 008 230307s2568 th a b 000 0 tha d | |||
| 020 ^a9786165931885 | |||
| 041 ^atha | |||
| 060 04 ^aWY159^bณ259ก 2568 | |||
| 100 0 ^aณัชนันท์ ชีวานนท์ | |||
| 245 10 ^aการพยาบาลทารกแรกเกิดน้ำหนักน้อย =^bNursing care of low birth weight infants /^cณัชนันท์ ชีวานนท์ | |||
| 246 31 ^aNursing care of low birth weight infants | |||
| 250 ^aพิมพ์ครั้งที่ 3 | |||
| 260 ^aชลบุรี :^bคณะพยาบาลศาสตร์ มหาวิทยาลัยบูรพา,^c2568 | |||
| 300 ^aก-ช, 227 หน้า :^bภาพประกอบ, ตาราง ;^c26 ซม. | |||
| 505 0 ^aบทที่ 1 บทนำ : ทารกแรกเกิดน้ำหนักน้อย -- บทที่ 2 แนวคิดและทฤษฎีที่เกี่ยวข้องกับการพยาบาลทารกแรกเกิดน้ำหนักน้อย -- บทที่ 3 การพยาบาลทารกแรกเกิดน้ำหนักน้อยที่มีปัญหาระบบทางเดินหายใจ -- บทที่ 4 การพยาบาลทารกแรกเกิดน้ำหนักน้อยที่มีปัญหาการติดเชื้อ -- บทที่ 5 การพยาบาลทารกแรกเกิดน้ำหนักน้อยที่มีปัญหาระบบโลหิตและต่อมไร้ท่อ -- บทที่ 6 การพยาบาลทารกแรกเกิดน้ำหนักน้อยที่มีปัญหาระบบประสาท -- บทที่ 7 บทสรุป | |||
| 650 4 ^aทารกแรกเกิด^xการดูแล | |||
| 650 4 ^aทารกแรกเกิดน้ำหนักน้อย | |||
| 650 4 ^aทารกแรกเกิด^xโรค^xการวินิจฉัย | |||
| 710 2 ^aมหาวิทยาลัยบูรพา. ^bคณะพยาบาลศาสตร์ | |||
| 999 ^aบรรณารักษ์ | |||
| คุณยังไม่ได้ล็อกอิน คุณสามารถมีกิจกรรมร่วมกับเว็บไซต์ได้ แต่ต้องล็อกอินก่อน :: |
|
| สถานะ | |||||||||
| 1. | หนังสือ | WY159 ณ259ก 2568 c.1 Barcode: 086505 | ►หนังสือทั่วไป | On Shelf | |||||
| 2. | หนังสือ | WY159 ณ259ก 2568 c.2 Barcode: 086506 | ►หนังสือทั่วไป | On Shelf | |||||
| 3. | หนังสือ | WY159 ณ259ก 2568 c.3 Barcode: 086507 | ►หนังสือทั่วไป | On Shelf | |||||
| 4. | หนังสือ | WY159 ณ259ก 2568 c.4 Barcode: 086508 | ►หนังสือทั่วไป | On Shelf | |||||
| 5. | หนังสือ | WY159 ณ259ก 2568 c.5 Barcode: 086509 | ►หนังสือทั่วไป | On Shelf | |||||
| 6. | หนังสือ | WY159 ณ259ก 2568 c.6 Barcode: 087799 | ►หนังสือทั่วไป | On Shelf | |||||
| 7. | หนังสือ | WY159 ณ259ก 2568 c.7 Barcode: 087800 | ►หนังสือทั่วไป | On Shelf | |||||
| 8. | หนังสือ | WY159 ณ259ก 2568 c.8 Barcode: 087801 | ►หนังสือทั่วไป | On Shelf | |||||
| 9. | หนังสือ | WY159 ณ259ก 2568 c.9 Barcode: 087802 | ►หนังสือทั่วไป | On Shelf | |||||
| 10. | หนังสือ | WY159 ณ259ก 2568 c.10 Barcode: 087803 | ►หนังสือทั่วไป | On Shelf | |||||
| 11. | หนังสือ | WY159 ณ259ก 2568 c.11 Barcode: 087804 | ►หนังสือทั่วไป | On Shelf | |||||
| 12. | หนังสือ | WY159 ณ259ก 2568 c.12 Barcode: 087805 | ►หนังสือทั่วไป | On Shelf | |||||
| | |||||||||
| รายการใกล้เคียง ผู้แต่ง [ณัชนันท์ ชีวานนท์] หัวเรื่อง [ทารกแรกเกิดน้ำหนักน้อย]
|
BibComment |
| คอมเมนท์ทรัพยากรรายการนี้ |
|
|